Human Development Report (Record no. 3315)

MARC details
000 -LEADER
fixed length control field 00410nam a22001697i 4500
001 - CONTROL NUMBER
control field 3365
003 - CONTROL NUMBER IDENTIFIER
control field OSt
005 - DATE AND TIME OF LATEST TRANSACTION
control field 20170126082317.0
007 - PHYSICAL DESCRIPTION FIXED FIELD--GENERAL INFORMATION
fixed length control field tu
008 - FIXED-LENGTH DATA ELEMENTS--GENERAL INFORMATION
fixed length control field 161220s1996 xxu||||| |||| 00| 0 d
024 7# - OTHER STANDARD IDENTIFIER
Standard number or code 3364
Source of number or code RID
040 ## - CATALOGING SOURCE
Transcribing agency OSt
110 2# - MAIN ENTRY--CORPORATE NAME
Corporate name or jurisdiction name as entry element United Nations Development Programme (UNDP)
Relator term Ed.
245 00 - TITLE STATEMENT
Title Human Development Report
260 ## - PUBLICATION, DISTRIBUTION, ETC.
Place of publication, distribution, etc. Oxford :
Name of publisher, distributor, etc. Oxford University Press,
Date of publication, distribution, etc. 1996-1998.
300 ## - PHYSICAL DESCRIPTION
Dimensions 30cm
942 ## - ADDED ENTRY ELEMENTS (KOHA)
Koha item type Book
Holdings
Withdrawn status Lost status Damaged status Not for loan Home library Current library Shelving location Date acquired Serial Enumeration / chronology Inventory number Total Checkouts Full call number Barcode Date last seen Price effective from Koha item type
        WIIW WIIW Library 01/21/1997 1996 3365   II-6.125/1996 303363 01/26/2017 01/26/2017 Book
        WIIW WIIW Library 01/21/1997 1997 3365   II-6.125/1997 10005122 01/26/2017 01/26/2017 Book
        WIIW WIIW Library 01/21/1997 1998 3365   II-6.125/1998 10005123 01/26/2017 01/26/2017 Book
The Vienna Instiute for International Economic Studies (wiiw)